Living an era (Record no. 28856)

MARC details
000 -LEADER
fixed length control field 00390nam a2200169Ia 4500
082 ## - DEWEY DECIMAL CLASSIFICATION NUMBER
Classification number 954
Item number MIS
100 ## - MAIN ENTRY--AUTHOR NAME
Personal name MISHRA, D P
245 #0 - TITLE STATEMENT
Title Living an era
260 ## - PUBLICATION, DISTRIBUTION, ETC. (IMPRINT)
Place of publication New Delhi
Name of publisher Vikas
Year of publication 1975
650 ## - SUBJECT ADDED ENTRY--TOPICAL TERM
Topical Term Freedom movements
650 ## - SUBJECT ADDED ENTRY--TOPICAL TERM
Topical Term Gandhian era
650 ## - SUBJECT ADDED ENTRY--TOPICAL TERM
Topical Term History
650 ## - SUBJECT ADDED ENTRY--TOPICAL TERM
Topical Term India
650 ## - SUBJECT ADDED ENTRY--TOPICAL TERM
Topical Term Non cooperation
942 ## - ADDED ENTRY ELEMENTS (KOHA)
Koha item type Books
Holdings
Withdrawn status Lost status Damaged status Not for loan Home library Current library Date acquired Full call number Accession Number Koha item type
        RRII Library RRII Library 16/12/2021 954 MIS 09448 Books